000 00653nam a22001937a 4500
005 20241031131215.0
008 241031b |||||||| |||| 00| 0 eng d
020 _a9780077483364
050 _aQA37.3
_b.M47
100 _aMessersmith, Sherri
245 _aBasic College Mathematics/
_bwith power learning
_cSherri Messersmith, Lawrence Perez ,Robert S. Feldman, William C. Mulford(contributor)
260 _aNew York
_bMcGraw-Hill Companies
_c2014
300 _axxvi.764,26,16,27p.
_bill. some color
_c27.5cm
650 _2Mathematics
700 _aPerez, Lawrence
700 _aFeldman, Robert S.
700 _aMulford, William C.
942 _2lcc
_cBK
_n0
999 _c455
_d455